| 000 | 00377nam a2200133Ia 4500 | ||
|---|---|---|---|
| 005 | 20251222141940.0 | ||
| 008 | 251222s9999||||xx |||||||||||||| ||spa|| | ||
| 020 | _a978-958-8307-56-5 | ||
| 082 | _a005.109.8/B26 | ||
| 100 | _aBastos Tigre, Paulo | ||
| 245 | 0 | _aDesafíos y oportunidades de la industria del software en América Latina | |
| 264 | _bNaciones Unidas | ||
| 942 | _cLIB | ||
| 999 |
_c9326 _d9326 |
||